00757cam a2200217 a 4500001000400000003001000004005001700014008004100031020001800072040002500090080002400115100002500139245011100164260003800275300002700313504002500340650005500365650004300420650004100463650003500504113BR-CuiBMT20231108211237.0230816s2018 mgba 000 0 por d a9788545004813 aBR-CuiBMTcBR-CuiBMT 22007a343.352x(81)1 aFurtado, Lucas Rocha10aBrasil e corrupção :banálise de casos (inclusive da operação lava jato) /cLucas Rocha Furtado. aBelo Horizonte :bFórum,c2018. a238 p. :bil. ;c22 cm aInclui bibliografia. aCorrupçãoxAdministração públicazBrasil aCorrupçãoxAspectos sociológicos aAdministração públicaxDelitos aDireito administrativozBrasil